| 000 | 00602nam a22001937a 4500 | ||
|---|---|---|---|
| 999 |
_c20045 _d20045 |
||
| 003 | AR-CdUCM | ||
| 008 | 190524b ||||| |||| 00| 0 espa d | ||
| 040 |
_aMUNICIPALIDAD PROVINCIAL DEL CUSCO _cBIBLIOTECA MUNICIPAL DEL CUSCO |
||
| 082 |
_a620 / _bD71 |
||
| 110 |
_aDiccionario _941936 |
||
| 245 | _aDiccionario para ingenieros y técnicos / | ||
| 260 |
_aBarcelona : _bCarcamo, _c1963. |
||
| 300 |
_a521 páginas ; _c24 cm. |
||
| 505 | _aContenido : Diccionario en orden alfabético | ||
| 650 |
_aDiccionario _95196 |
||
| 650 |
_aFrances - Español _941937 |
||
| 942 |
_2ddc _cLIBROS |
||
| 945 | _arcc | ||